000 01491cab a2200241 i 4500
001 768714001
003 CO-MdFUSB
005 20230403170415.0
008 161108s1998 gt ||||| |||| 00| 0 spa d
022 _a1014-9341
040 _aCO-MdFUSB
_bspa
_cCO-MdFUSB
_dCO-MdFUSB
041 _aspa
100 1 _aPerdomo, Edgar Alan
_eautor
245 1 0 _aMotivaciones y temas teológicos que influyeron en el desarrollo del canon del Nuevo Testamento
_c/ Edgar Alan Perdomo
300 _aNúmero 22 (Enero - Junio, 1998), páginas 7-32
_c; 22 cm
520 _aLa providencia divina en el desarrollo del canon encerraba varias motivaciones humanas y temas teológicos. Las motivaciones humanas incluían las teológicas, tanto apologéticas como didácticas, las eclesiásticas, tanto litúrgicas como misionológicas, las políticas ocasionadas por el constantinismo de la iglesia y las prácticas relacionadas con la persecución de los cristianos. De los dos temas teológicos más influyentes fueron la catolicidad y la apostolicidad. Estas motivaciones y temas tienen implicaciones relevantes para la iglesia de hoy también.
546 _aTexto en Español
630 0 7 _aBiblia.
_pNuevo Testamento
_xCrítica, interpretación, etc.
630 0 _aBiblia.
_pNuevo Testamento
_xCanon.
773 0 _tKairós
_049489
_961201
_gNúmero 22 (Enero - Junio, 1998), páginas 7-32
_qPágina 7
773 0 _049489
_981312
_gNúmero 22 (Enero - Junio, 1998), páginas 7-32
_qPágina 7
_tKairós
942 _cANA
999 _c51209
_d51209